Examining the development of judicial independence (Record no. 113212)

000 -LEADER
fixed length control field 01576pab a2200193 454500
008 - FIXED-LENGTH DATA ELEMENTS--GENERAL INFORMATION
fixed length control field 180718b2016 xxu||||| |||| 00| 0 eng d
100 ## - MAIN ENTRY--PERSONAL NAME
Personal name Randazzo, Kirk A.
245 ## - TITLE STATEMENT
Title Examining the development of judicial independence
260 ## - PUBLICATION, DISTRIBUTION, ETC.
Date of publication, distribution, etc. 2016
300 ## - PHYSICAL DESCRIPTION
Extent p.583-593.
362 ## - DATES OF PUBLICATION AND/OR SEQUENTIAL DESIGNATION
Dates of publication and/or sequential designation Sep
520 ## - SUMMARY, ETC.
Summary, etc. Scholars who examine judicial independence offer various theories regarding its development. Some argue that it serves as a type of insurance for regimes who believe their majority status is in jeopardy. Other scholars argue that insurance theory does not offer an adequate explanation until states democratize. We argue that part of the explanation for these mixed results involves the inadequacy of insurance theory as a complete explanation. Our paper develops a multidimensional theory that focuses on the interplay of constraints on ruling elites derived from levels of political competition within the government, the potential for social competition within the state, and regime type. We test our argument using a dataset of approximately 145 countries over forty years, and our results support the argument that development of judicial independence is related to the political landscape encountered by the executive. Ethnic fractionalization in the state, political competition, and regime type each has a conditional effect on the observation of judicial independence. - Reproduced.
650 ## - SUBJECT ADDED ENTRY--TOPICAL TERM
Topical term or geographic name entry element Rule of law
650 ## - SUBJECT ADDED ENTRY--TOPICAL TERM
Topical term or geographic name entry element Judiciary
700 ## - ADDED ENTRY--PERSONAL NAME
Personal name Reid, Rebecca
700 ## - ADDED ENTRY--PERSONAL NAME
Personal name Gibler, Douglas M.
773 ## - HOST ITEM ENTRY
Main entry heading Political Research Quarterly
909 ## -
-- 113217
Holdings
Withdrawn status Lost status Damaged status Not for loan Permanent Location Current Location Date acquired Serial Enumeration / chronology Barcode Date last seen Price effective from Koha item type
        Indian Institute of Public Administration Indian Institute of Public Administration 2018-07-19 Volume no: 69, Issue no: 3 AR113677 2018-07-19 2018-07-19 Articles

Powered by Koha